000 01518nam a2200313 i 4500
001 185301
003 SpMaBN
005 20250804063443.0
008 160510s2015 sp abo c |||| | spa d
020 _a978-84-9091-128-0
080 _a528.9(460)(091)(083.824)
080 _a912:551.46(460)(091)(083.824)
245 0 0 _aDueños del mar, señores del mundo :
_bhistoria de la cartografía náutica española : [Museo Naval, Madrid, 17 de diciembre de 2015-27 de marzo de 2016] /
_c[comisario, José María Moreno Martín ; textos, José María Moreno Martín, Antonio Sánchez Martínez, Carmen Líter Mayayo ... et al.]
260 _a[Madrid] :
_bMinisterio de Defensa,
_c2015
300 _a284 páginas :
_bilustraciones (blanco y negro y color), mapas ;
_c28 cm
504 _aBibliografía: páginas [269]-[284]
650 7 _aCartografía-
_zEspaña-
_vHistoria-
_vExposiciones
_9159532
650 7 _aCartas náuticas-
_zEspaña-
_vExposiciones
_9159533
655 7 _aCatálogos de exposiciones
_2tgfbne
_9193628
700 1 _aMoreno Martín, José María.
_eorm
_eaut
_9144233
700 1 _aSánchez Martínez, Antonio,
_d1971-
_eaut
_9159534
700 1 _aLíter Mayayo, Carmen
_eaut
_972569
710 2 _aMuseo Naval (Madrid)
_ehis
_95906
710 1 _aEspaña.
_bMinisterio de Defensa
_eedt
_93853
852 _aES-MaACL
_bR.151109
_cDEPO1
_dOlim: N-6746
_hDonación Ministerio de Defensa
_jA-13746
_913746
942 _2udc
_cMONOGRAFIA
_n0
999 _c185301
_d185301